| 000 | 01102nam a2200253Ia 4500 | ||
|---|---|---|---|
| 003 | OSt | ||
| 005 | 20220923213800.0 | ||
| 006 | a|||||r|||| 00| 0 | ||
| 007 | ta | ||
| 008 | 220922b |||||||| |||| 00| 0 hin d | ||
| 024 | _a164,464 | ||
| 037 | _cTextual | ||
| 040 |
_aARTS _cARTS _bhin |
||
| 041 |
_2hin _ahin |
||
| 082 | _aO152,1N2:g(Y), L3 | ||
| 100 | _aसिन्हा, प्रमोद | ||
| 245 | 0 | _aछायावादी कवियों का सांस्कृतिक दृष्टिकोण, प्रसाद पंत निराला, महादेवी, रामकुमार वर्मा | |
| 246 | _aChhāyāvādī kaviyoan kā sāanskṛutik dṛuṣhṭikoṇa, prasād panta nirālā, hinādevī, rāmakumār varmā | ||
| 260 |
_aइलाहाबाद _b लोकभारती प्रकाशन _c1973 |
||
| 300 |
_a410 पृ. _ccm. |
||
| 650 |
_aहिन्दी साहित्य _9156264 |
||
| 942 |
_hO152,1N2:g(Y), L3 _cTEXL _2CC |
||
| 999 |
_c318944 _d318944 |
||